Technické vybavení počítačů pro 4. ročník gymnázií se zaměřením na programování /

Hlavní autor: Jáneš, Vlastimil, 1935-
Další autoři: Vitko, Anton, Liška, Peter
Jazyk: Čeština
Vydáno: Praha : SPN, 1984
Vydání: 3., nezm. vyd.
Edice: Učebnice pro střední školy
Témata:
Fyzický popis: 374 s. : obr., fot., schémata ; 29 cm
Knihy
Uloženo v:
LEADER 01308nam a2200325 a 4500
001 000541947
003 CZ BrMZK
005 20110414211529.0
007 ta
008 010907s1984 xr a f 000 m cze d
015 |a cnb000009805 
035 |a (OCoLC)39574268 
040 |a BOA001  |b cze 
080 |a 681.31(075.3)  |2 MRF 
100 1 |a Jáneš, Vlastimil,  |d 1935-  |7 jo2001100075 
245 1 0 |a Technické vybavení počítačů pro 4. ročník gymnázií se zaměřením na programování /  |c Vlastimil Jáneš ; Peter Liška ; Anton Vitko 
250 |a 3., nezm. vyd. 
260 |a Praha :  |b SPN,  |c 1984 
300 |a 374 s. :  |b obr., fot., schémata ;  |c 29 cm 
490 1 |a Učebnice pro střední školy 
500 |a Anglicko-čes. slovníček. - Pozn. - Věcný rejstřík. - Rozmn. 
700 1 |a Vitko, Anton  |7 jx20050728038  |4 aut 
700 1 |a Liška, Peter  |7 jx20050613026  |4 aut 
830 0 |a Učebnice pro střední školy 
910 |a BOA001  |b 4-0818.989-84  |b PK-N-0021.819-84 
920 |a 000405523 
964 |a Počítače - vybavení technické - učebnice gymnázií 
990 |a BK 
996 7 |b 2619720238  |c 4-0818.989-84  |l MZK  |r Sklad / do 1 hodiny  |n 4  |w 000541947  |u 000010  |a 1  |e BOA001  |j MZK50  |s A 
996 7 |b 3119821340  |c PK-N-0021.819-84  |l MZK  |r Sklad / do 1 hodiny  |n 0  |w 000541947  |u 000020  |a 1  |e BOA001  |j MZK50  |s A